| 000 | 01652nam a22004457a 4500 | ||
|---|---|---|---|
| 001 | 000095848 | ||
| 003 | CHAP | ||
| 005 | 20220329143126.0 | ||
| 008 | 060531d2006 mx r 00110 spa d | ||
| 010 | _a92314 | ||
| 011 | _a93286 | ||
| 035 | _a103858 | ||
| 040 | _cCHAP | ||
| 090 | _aTesis | ||
| 100 | 1 |
_aLeón García, Oscar. _966124 |
|
| 245 | 1 | 0 |
_aCaracterísticas químicas de dos suelos calcáreos acondicionados con biosólidos y colonización micorrizica en Lolium perenne / _c/por Oscar León García. |
| 260 |
_aChapingo, Méx. : _bEl autor, _c2006. |
||
| 300 |
_a122 h. ; : _bgráfs. |
||
| 502 | _aTesis (Ing. Agr. Esp. en Suelos) -- UACH. Departamento de Suelos | ||
| 590 |
_aALEPH _b10 _c20130110 _lUCH01 _h1512 |
||
| 590 |
_aBATCH-UPD _b10 _c20130110 _lUCH01 _h0729 |
||
| 590 |
_aBATCH-UPD _b10 _c20130410 _lUCH01 _h0413 |
||
| 590 |
_aBATCH-UPD _b10 _c20130914 _lUCH01 _h1722 |
||
| 590 |
_aBATCH-UPD _b10 _c20140324 _lUCH01 _h1457 |
||
| 590 |
_aBATCH-UPD _b10 _c20141002 _lUCH01 _h0830 |
||
| 590 |
_aCONVERSION _b10 _c20130109 _lUCH01 _h1351 |
||
| 590 |
_aE5765TAJ _b10 _c20130607 _lUCH01 _h1309 |
||
| 650 | 1 | 4 |
_aLolium perenne. _967505 |
| 650 | 1 | 4 |
_aMetales pesados _xEfecto en suelos. _975172 |
| 650 | 1 | 4 |
_aMicorriza. _975486 |
| 650 | 1 | 4 |
_aSuelos calcáreos. _9110539 |
| 650 | 1 | 4 |
_aSuelos _xMejoramiento. _9110431 |
| 856 |
_3Finding aid _uhttp://10.13.5.2/tesis/103858.pdf _zTeclea aquí |
||
| 901 | _aBK | ||
| 905 | _aAlejandra Carrasco M. | ||
| 942 | _cCD | ||
| 942 | _n0 | ||
| 949 |
_aTesis _bBC _cTES _d00000001038581 _eTS1 _gDonaciØn _h45339 _i103858 _sb |
||
| 949 |
_aTesis _bBC _cTES _d33724000986238 _eTS2 _fc.2 _gDonaciØn _h45340 _i103858 _sb |
||
| 999 |
_c92314 _d92314 |
||